000 00300nam a2200133Ia 4500
008 150301s2015 xx 000 0 und d
082 _a615.34
_bP12A
100 _aMOHAMED ALI
245 _aTB OF PHARMACOGNOSY
260 _bCBS- DELHI
300 _a514
650 _aPHARMACEUTICS
942 _2ddc
_cBK
999 _c7177
_d7177